<?xml version="1.0" encoding="UTF-8"?><?xml-stylesheet type="text/xsl" href="static/style.xsl"?><OAI-PMH xmlns="http://www.openarchives.org/OAI/2.0/" xmlns:xsi="http://www.w3.org/2001/XMLSchema-instance" xsi:schemaLocation="http://www.openarchives.org/OAI/2.0/ http://www.openarchives.org/OAI/2.0/OAI-PMH.xsd"><responseDate>2026-04-17T15:40:49Z</responseDate><request verb="GetRecord" identifier="oai:www.recercat.cat:2117/350611" metadataPrefix="marc">https://recercat.cat/oai/request</request><GetRecord><record><header><identifier>oai:recercat.cat:2117/350611</identifier><datestamp>2025-07-22T23:28:31Z</datestamp><setSpec>com_2072_1033</setSpec><setSpec>col_2072_452951</setSpec></header><metadata><record xmlns="http://www.loc.gov/MARC21/slim" xmlns:dcterms="http://purl.org/dc/terms/" xmlns:xsi="http://www.w3.org/2001/XMLSchema-instance" xmlns:doc="http://www.lyncode.com/xoai" xsi:schemaLocation="http://www.loc.gov/MARC21/slim http://www.loc.gov/standards/marcxml/schema/MARC21slim.xsd">
   <leader>00925njm 22002777a 4500</leader>
   <datafield ind2=" " ind1=" " tag="042">
      <subfield code="a">dc</subfield>
   </datafield>
   <datafield ind2=" " ind1=" " tag="720">
      <subfield code="a">Grifoll Curto, Marc</subfield>
      <subfield code="e">author</subfield>
   </datafield>
   <datafield ind2=" " ind1=" " tag="260">
      <subfield code="c">2021-07-15</subfield>
   </datafield>
   <datafield ind2=" " ind1=" " tag="520">
      <subfield code="a">Aquest treball esta enfocat en conèixer com l’illa a donat resposta des de l’arquitectura local a l’entorn i al medi, amb els pocs recursos de l’illa, on juguen un paper fonamental. &#xd;
Es per això, que l’estudi es centra amb la investigació d’aquesta arquitectura ja que a aconseguit ser perfectament bioclimàtica durant la seva historia, tenint en compte els escassos materials així com el seu clima.&#xd;
Es pretén donar a conèixer els mètodes de l’arquitectura lanzaroteña basada en els sistemes constructius que tradicionalment s’han emprat en l’arquitectura vernacular des de els seus inicis; adaptant-se al clima de l’illa, els materials utilitzats, solucions constructives o tipus de tècniques singulars de Lanzarote.&#xd;
D’altra banda, també s’investiga un dels greus problemes de l’illa, l’escassetat de l’aigua, analitzant els diferents mètodes que s’han utilitzat i que s’utilitzen actualment a través de l’arquitectura per poder cobrir aquesta necessitat.&#xd;
Finalment, amb les conclusions extretes, s’investiga si les solucions constructives que s’utilitzen a dia d’avui compleixen aquestes estratègies i si l’arquitectura bioclimàtica es una necessitat pel futur.</subfield>
   </datafield>
   <datafield ind2=" " ind1=" " tag="520">
      <subfield code="a">Objectius de Desenvolupament Sostenible::1 - Fi de la Pobresa::1.3 - Posar en pràctica en l’àmbit nacional mesures i sistemes apropiats de protecció social per a totes les persones, nivells mínims inclosos, i, per a 2030, aconseguir una àmplia cobertura per a les persones pobres i vulnerables</subfield>
   </datafield>
   <datafield ind2=" " ind1=" " tag="520">
      <subfield code="a">Objectius de Desenvolupament Sostenible::6 - Aigua Neta i Sanejament</subfield>
   </datafield>
   <datafield tag="653" ind2=" " ind1=" ">
      <subfield code="a">Àrees temàtiques de la UPC::Arquitectura::Tipologies d'edificis::Habitatges</subfield>
   </datafield>
   <datafield tag="653" ind2=" " ind1=" ">
      <subfield code="a">Àrees temàtiques de la UPC::Arquitectura::Arquitectura sostenible</subfield>
   </datafield>
   <datafield tag="653" ind2=" " ind1=" ">
      <subfield code="a">Sustainable architecture -- Spain -- Lanzarote</subfield>
   </datafield>
   <datafield tag="653" ind2=" " ind1=" ">
      <subfield code="a">Vernacular architecture -- Spain -- Lanzarote</subfield>
   </datafield>
   <datafield tag="653" ind2=" " ind1=" ">
      <subfield code="a">Architecture, Modern -- 21th century -- Spain -- Lanzarote</subfield>
   </datafield>
   <datafield tag="653" ind2=" " ind1=" ">
      <subfield code="a">Water and architecture -- Spain -- Lanzarote</subfield>
   </datafield>
   <datafield tag="653" ind2=" " ind1=" ">
      <subfield code="a">bioclimàtica</subfield>
   </datafield>
   <datafield tag="653" ind2=" " ind1=" ">
      <subfield code="a">vernacular</subfield>
   </datafield>
   <datafield tag="653" ind2=" " ind1=" ">
      <subfield code="a">Lanzarote</subfield>
   </datafield>
   <datafield tag="653" ind2=" " ind1=" ">
      <subfield code="a">adaptació</subfield>
   </datafield>
   <datafield tag="653" ind2=" " ind1=" ">
      <subfield code="a">Arquitectura sostenible -- Canàries -- Lanzarote</subfield>
   </datafield>
   <datafield tag="653" ind2=" " ind1=" ">
      <subfield code="a">Arquitectura vernacular -- Canàries -- Lanzarote</subfield>
   </datafield>
   <datafield tag="653" ind2=" " ind1=" ">
      <subfield code="a">Arquitectura moderna -- S. XXI -- Canàries -- Lanzarote</subfield>
   </datafield>
   <datafield tag="653" ind2=" " ind1=" ">
      <subfield code="a">Aigua i arquitectura -- Canàries -- Lanzarote</subfield>
   </datafield>
   <datafield ind2="0" ind1="0" tag="245">
      <subfield code="a">La resposta de l'arquitectura lanzaroteña al medi - el compromis amb l'obtenció de l'aigua</subfield>
   </datafield>
</record></metadata></record></GetRecord></OAI-PMH>